Представление документа в формате MARC21

ПолеНазваниеЗначение
  Тип записи a
  Библиографический уровень m
001 Контрольный номер RU\infra-m\znanium\bibl\2233552
005 Дата корректировки 20260429142135.8
008 Кодируемые данные 260120s2025 RU g rus u
020 Индекс ISBN __
a ISBN 978-5-9614-4350-9
040 Источник каталогиз. __
a Служба первич. каталог. Общество с ограниченной ответственностью «ЗНАНИУМ»
041 Код языка издания __
a Код языка текста rus
044 Код страны публикации __
a Код страны публикации RU
080 Индекс УДК __
a Индекс УДК 658
084 Индекс другой классификации/Индекс ББК __
2 Источник индекса rubbk
a Индекс другой классификации/Индекс ББК 6529
084 Индекс другой классификации/Индекс ББК __
2 Источник индекса okso
a Индекс другой классификации/Индекс ББК 38.03.01
084 Индекс другой классификации/Индекс ББК __
2 Источник индекса okso
a Индекс другой классификации/Индекс ББК 38.03.02
084 Индекс другой классификации/Индекс ББК __
2 Источник индекса okso
a Индекс другой классификации/Индекс ББК 38.03.06
100 Автор __
a Автор Джестон Д.
q Полное имя Джестон Джон
245 Заглавие __
a Заглавие Управление бизнес-процессами. Практическое руководство по успешной реализации проектов
b Продолж. заглавия Практическое пособие
250 Сведения об издании __
a Основные сведения об издании 1
260 Выходные данные __
a Место издания Москва
b Издательство ООО "Альпина Паблишер"
c Дата издания 2026
300 Физическое описание __
a Объем 648 с.
520 Аннотация __
a Аннотация В предлагаемой книге подробно излагаются основополагающие принципы упра вления бизнес-процессами их преимущества и выгоды для организаций а также приводятся примеры осуществления такого управления. В ней рассматривается общая схема комплекс инструментов и методов BPM а также выбор одного из четырех вероятных сценариев его реализации. Руководство содержит более пятидесяти конкретных примеров иллюстрирующих различные ее положения а также этапы проекта BPM и основные атрибуты которые являются важными факторами обеспечения успеха проекта. Вы сможете заглянуть внутрь механизма при помощи которого можно определить готовность организации или структурного подразделения к BPM поймете что зачем и как делается при реальном усовершенствовании процессов. Книга может служить справочником для организаций осуществляющих проекты управления бизнес-процессами поскольку материал изложенный в ней дает в руки группы проекта практический инструментарий пояснения и помощь в успешной реализации проекта BPM.
521 Примеч. о цел. назн. __
a Примеч. о целев. назн. Профессиональное образование
650 Тематические рубрики __
a Основная рубрика Управление (менеджмент)
x Основная подрубрика Управление бизнес-процессами. Аутсорсинг
655 Указ. предметных рубрик (устаревшее) __
a Жанр/ форма (устаревшее) Практическое пособие
700 Другие авторы __
a Другие авторы Нелис Й.
q Полное имя Нелис Йохан
856 Электронный адрес документа 4_
a Имя сервера/домена znanium.ru
m Помощь ebs_support@infra-m.ru
n Местонахождение сервера НИЦ ИНФРА-М
u URL https://znanium.ru/catalog/document?id=472649
856 Электронный адрес документа 48
a Имя сервера/домена znanium.ru
d Путь /cover/2233
f Электронное имя 2233552.jpg
q Тип электронного формата image/jpeg
u URL https://znanium.ru/cover/2233/2233552.jpg
911 __
u 0030=https://znanium.ru/catalog/document?id=472649